000 01239cam a22002174a 4500
005 20250605164046.0
008 250528s ||||||||||||||||||||||||d
035 _a17133
020 _a314037071
040 _aGR-AtMCL
_bgre
_dGR-AtMCL
_eAACR2
245 1 _aUnderstanding Statistics in the Behavioral Sciences / Study Guide to Accompany: Fourth Edition
250 _a4th
260 _bWest Publishing Company,
_c1994
300 _a362
520 _aPreface, Overview, Statistics and Scientific Method, Descriptive Statistics, Basic Mathematical and Measurement Concepts, Frequency Distributions, Measures of Central Tendency and Variability, The Normal Curves and Standard Scores, Linear Regression, Correlation, Inferential Statistics, Random Sampling and Probability, Binomial Distribution, Introduction to Hypothesis Testing Using the Sign Test, Power, Mann-Whitney U Test, Students t Test for Single Samples, Introduction to the Analysis of Variance, Multiple Comparisons, Introduction to Two-Way Analysis of Variance, Chi-Square and Other Non Parametric Tests, Review of Inferential Statistics.
700 1 _aFollette William C
_93278
700 1 _aPagano Robert R
_93255
942 _cBK
999 _c2573
_d2573